书目信息 |
| 题名: |
农桑辑要校注
|
|
| 作者: | ;石声汉 校注 ;西北农学院古农研究室 整理 | |
| 分册: | ||
| 出版信息: | 北京 农业出版社 1982 |
|
| 页数: | 279页 | |
| 开本: | 21cm | |
| 丛书名: | 中国农书丛刊 | |
| 单 册: | ||
| 中图分类: | S-092.47 | |
| 科图分类: | ||
| 主题词: | 农学--中国--元代 | |
| 电子资源: | ||
| ISBN: | ||
| 000 | 00845nam2 2200289 45 | |
| 001 | 0182009644 | |
| 005 | 20070731101232.42 | |
| 010 | @dCNY1.45 | |
| 091 | @a16144.1908 | |
| 100 | @a19950601d1982 emky0chiy0121 ea | |
| 101 | 0 | @achi |
| 102 | @aCN@b110000 | |
| 105 | @ay z 000yy | |
| 200 | 10 | @a农桑辑要校注@Anong sang ji yao jiao zhu@f西北农学院古农研究室整理@g石声汉校注 |
| 205 | @b影印本 | |
| 210 | @a北京@c农业出版社@d1982 | |
| 215 | @a279页@d21cm | |
| 225 | 2 | @a中国农书丛刊@i综合之部 |
| 410 | 0 | @120010@a中国农书丛刊 |
| 605 | @a农桑辑要@x注释 | |
| 606 | @a农学@y中国@z元代 | |
| 690 | @aS-092.47@v3 | |
| 702 | 0 | @a石声汉@Ashi sheng han@4校注 |
| 711 | 02 | @a西北农学院古农研究室@Axi bei nong xue yuan gu nong yan jiu shi@4整理 |
| 801 | 2 | @aCN@bNLC@c20070731 |
| 801 | 0 | @aCN@bTSSF@c20060912 |
| 905 | @a10447@dS-092.47@e34 | |
| 农桑辑要校注/西北农学院古农研究室整理/石声汉校注.-影印本.-北京:农业出版社,1982 |
| 279页;21cm.-(中国农书丛刊.综合之部) |
| ISBN :CNY1.45 |
| ● |
| 相关链接 |
|
|
|
|
正题名:农桑辑要校注
索取号:S-092.47/34
 
预约/预借
| 序号 | 登录号 | 条形码 | 馆藏地/架位号 | 状态 | 备注 |
| 1 | 0470525 | 204705257 | 密集书库/ [索取号:S-092.47/34] | 在馆 | |
| 2 | 0474158 | 204741583 | 密集书库/ [索取号:S-092.47/34] | 在馆 | |
| 3 | 0787080 | 207870801 | 密集书库/ [索取号:S-092.47/34] | 在馆 |